00523 2200193 4500001002100000005001500021008004100036020002200077035001900099041000700118082000800125090001600133100002100149245004300170260004000213300003100253500001100284650003400295INLIS00000000000242720241224112533241224||||||||| | ||| |||| || |  a978-602-9018-77-6 0010-1224002427 aid0 a610 a610.6 HEN m0 aHenni Febriawati00aManajemen Logistik Farmasi Rumah Sakit aYogyakartabGosyen Publishingc2013 a23,5x16 cm, xii, 160 hlm.; aCet. 1 0aRumah Sakit -- Ilmu Manajemen